000 00664cab a2200265 4500
001 ABS60376
008 090401t1999 xxu||||| |||| 00| 0 eng d
035 _a(Sirsi) u92196
041 _aeng
100 _aAppleby, M.
245 _aEuropean currency implications for farmers and landowners
260 _c1999
350 _a0
490 _aRural Property Bulletin
_vJanuary /February 1999, 22-24(2)
650 _aEMU
650 _aEUROS
650 _aFARM INCOMES
650 _aFARM SUBSIDIES
650 _aGREEN POUND
650 _aMONETARY UNION
650 _aSINGLE CURRENCY
690 _aRURAL PRACTICE
942 _n0
948 _c18/03/1999
999 _c58452
_d58452